000
00284nam a22001337a 4500
008
181008b xxu||||| |||| 00| 0 eng d
020
_a
9780669386332
041
_a
eng
080
_a
371
100
_a
25
101
_a
EDU
245
_a
Writers Ecpress
_c
Kemper, D
942
_2
udc
_c
BK
999
_c
49069
_d
49069